La Formació a Catalunya en el canvi de segle : jornades jornades
Descripción Física:
1 carpeta ; 30 cm
Materias:
Formació professional -- Congressos
MARC
| LEADER | 00000nam a2200000Ia 4500 | ||
|---|---|---|---|
| 001 | 24152 | ||
| 008 | 160829s1998 xx 000 0 cat d | ||
| 080 | |a Bib-158 | ||
| 245 | |a La Formació a Catalunya en el canvi de segle : |b jornades | ||
| 260 | |a Barcelona : |b Diputació de Barcelona, |c 1998 | ||
| 300 | |a 1 carpeta ; |c 30 cm | ||
| 590 | |a Ponències de les jornades realitzades a Sant Feliu de Llobregat els dies 14 i 15 de novembre de 1996. | ||
| 590 | |a Conté: 3 fulletons: Centre de Formació Municipal Ocupacional Can Maginàs, Programa, Oficina d’Informació i Suport Empresarial; 1 mapa del lloc de cele | ||
| 650 | |a Formació professional |x Congressos |9 47540 | ||
| 710 | 1 | |a Sant Feliu de Llobregat (Catalunya). |b Ajuntament |9 53339 | |
| 710 | |a Barcelona (Catalunya : Província). |b Àrea d'Educació |9 8009 | ||
| 901 | |a Arxiu | ||
| 942 | |n 1 | ||
| 952 | |0 0 |1 0 |4 0 |6 BIB158 |7 1 |9 55719 |a Arxiu |b Arxiu |d 2016-12-01 |l 0 |o Bib-158 |p 24152 |r 2016-12-01 00:00:00 |w 2016-12-01 |y ARXIU | ||
| 999 | |c 59592 |d 59592 | ||